[Event "Greek Team Championship"]
[Site "chess24.com"]
[Date "2017.07.08"]
[Round "7"]
[White "Kanteraki, Maria-Myrto"]
[Black "Theoharis, Christos"]
[Result "1-0"]
[Board "10"]
[WhiteElo "1375"]
[WhiteCountry "GRE"]
[WhiteFideId "25818023"]
[WhiteEloChange "3"]
[BlackElo "1097"]
[BlackCountry "GRE"]
[BlackFideId "25845799"]
[BlackEloChange "-3"]

1. e4 {[%clk 1:30:30]} e5 {[%clk 1:30:45]} 2. Nf3 {[%clk 1:30:54]} Nc6 {[%clk
1:30:44]} 3. Bb5 {[%clk 1:31:14]} a6 {[%clk 1:30:55]} 4. Ba4 {[%clk 1:31:34]} Nf6
{[%clk 1:30:20]} 5. O-O {[%clk 1:31:55]} Be7 {[%clk 1:29:20]} 6. Re1 {[%clk
1:31:54]} d6 {[%clk 1:27:39]} 7. c3 {[%clk 1:31:39]} b5 {[%clk 1:25:25]} 8. Bb3
{[%clk 1:31:59]} Na5 {[%clk 1:13:48]} 9. Bc2 {[%clk 1:32:14]} c5 {[%clk 1:13:03]}
10. d4 {[%clk 1:32:30]} Nc6 {[%clk 1:10:58]} 11. d5 {[%clk 1:32:15]} Na5 {[%clk
1:07:53]} 12. Nbd2 {[%clk 1:31:49]} Nb7 {[%clk 1:07:43]} 13. a4 {[%clk 1:31:39]}
Bg4 {[%clk 1:05:43]} 14. h3 {[%clk 1:30:54]} Bh5 {[%clk 1:04:56]} 15. Nf1 {[%clk
1:30:39]} O-O {[%clk 1:01:02]} 16. Ng3 {[%clk 1:30:39]} Bg6 {[%clk 0:57:42]} 17.
Nh2 {[%clk 1:25:28]} Re8 {[%clk 0:51:53]} 18. Nhf1 {[%clk 1:22:08]} Nd7 {[%clk
0:44:08]} 19. Ne3 {[%clk 1:18:54]} Bh4 {[%clk 0:41:57]} 20. Ngf5 {[%clk 1:18:29]}
Be7 {[%clk 0:39:22]} 21. Nxe7+ {[%clk 1:11:03]} Qxe7 {[%clk 0:39:17]} 22. Nf5
{[%clk 1:04:52]} Qd8 {[%clk 0:38:22]} 23. Qg4 {[%clk 1:02:32]} Nf6 {[%clk
0:37:57]} 24. Qe2 {[%clk 1:00:02]} c4 {[%clk 0:35:02]} 25. Bg5 {[%clk 0:15:49]}
Nc5 {[%clk 0:35:02]} 26. axb5 {[%clk 0:15:49]} Qd7 {[%clk 0:35:02]} 27. Bxf6
{[%clk 0:15:49]} gxf6 {[%clk 0:35:02]} 28. bxa6 {[%clk 0:15:49]} Nxa6 {[%clk
0:35:02]} 29. Qxc4 {[%clk 0:15:49]} Rec8 {[%clk 0:35:02]} 30. Qe2 {[%clk
0:15:49]} Nc5 {[%clk 0:35:02]} 31. Qg4 {[%clk 0:15:49]} Kf8 {[%clk 0:35:02]} 32.
Nh6 {[%clk 0:15:49]} Qxg4 {[%clk 0:35:02]} 33. Nxg4 {[%clk 0:15:49]} Rab8 {[%clk
0:35:02]} 34. b4 {[%clk 0:15:49]} Nd7 {[%clk 0:35:02]} 35. Re3 {[%clk 0:15:49]}
h5 {[%clk 0:35:02]} 36. Nh2 {[%clk 0:15:49]} Nb6 {[%clk 0:35:02]} 37. Bb3 {[%clk
0:15:49]} Ra8 {[%clk 0:35:02]} 38. Rxa8 {[%clk 0:15:49]} Rxa8 {[%clk 0:35:02]}
39. c4 {[%clk 0:15:49]} Ra1+ {[%clk 0:35:02]} 40. Nf1 {[%clk 0:15:49]} Rb1 {[%clk
0:35:02]} 41. c5 {[%clk 0:15:49]} dxc5 {[%clk 0:35:02]} 42. bxc5 {[%clk 0:15:49]}
Nd7 {[%clk 0:35:02]} 43. c6 {[%clk 0:15:49]} Nb6 {[%clk 0:35:02]} 44. d6 {[%clk
0:15:49]} Ke8 {[%clk 0:35:02]} 45. d7+ {[%clk 0:15:49]} Nxd7 {[%clk 0:35:02]} 46.
cxd7+ {[%clk 0:15:49]} Kxd7 {[%clk 0:35:02]} 47. g3 {[%clk 0:15:49]} Kd6 {[%clk
0:35:02]} 48. f3 {[%clk 0:15:49]} f5 {[%clk 0:35:02]} 49. exf5 {[%clk 0:16:16]}
Bxf5 {[%clk 0:35:17]} 50. g4 {[%clk 0:16:21]} hxg4 {[%clk 0:35:37]} 51. hxg4
{[%clk 0:16:36]} Bd7 {[%clk 0:35:52]} 52. Kg2 {[%clk 0:16:06]} Rb2+ {[%clk
0:36:07]} 53. Kh3 {[%clk 0:16:11]} f6 {[%clk 0:36:12]} 54. Rd3+ {[%clk 0:16:21]}
Ke7 {[%clk 0:36:27]} 55. Ng3 {[%clk 0:16:39]} Be8 {[%clk 0:36:24]} 56. Nf5+
{[%clk 0:16:59]} Kf8 {[%clk 0:36:29]} 57. Be6 {[%clk 0:17:03]} Rb7 {[%clk
0:35:50]} 58. Rd8 {[%clk 0:17:11]} Rh7+ {[%clk 0:32:32]} 59. Kg3 {[%clk 0:17:36]}
Ra7 {[%clk 0:32:27]} 60. Bd5 {[%clk 0:17:41]} Rc7 {[%clk 0:31:42]} 61. Nd6 {[%clk
0:17:06]} Re7 {[%clk 0:31:07]} 62. Bc6 {[%clk 0:17:01]} f5 {[%clk 0:30:52]} 63.
Nxf5 {[%clk 0:16:40]} Re6 {[%clk 0:30:56]} 64. Nd6 {[%clk 0:16:25]} Kg7 {[%clk
0:29:25]} 65. Nxe8+ {[%clk 0:16:32]} Rxe8 {[%clk 0:29:39]} 66. Rxe8 {[%clk
0:16:52]} Kf6 {[%clk 0:29:58]} 67. Rxe5 {[%clk 0:17:19]} Kxe5 {[%clk 0:30:16]}
68. f4+ {[%clk 0:17:19]} Kf6 {[%clk 0:29:42]} 69. g5+ {[%clk 0:17:39]} Kg6 {[%clk
0:29:41]} 70. Be4+ {[%clk 0:17:39]} Kg7 {[%clk 0:29:56]} 71. f5 {[%clk 0:18:04]}
Kf7 {[%clk 0:30:14]} 72. f6 {[%clk 0:18:31]} Kf8 {[%clk 0:30:31]} 73. g6 {[%clk
0:18:50]} Kg8 {[%clk 0:30:26]} 74. Bd5+ {[%clk 0:19:10]} Kf8 {[%clk 0:30:46]} 75.
g7+ {[%clk 0:19:10]} Ke8 {[%clk 0:29:24]} 76. g8Q+ {[%clk 0:19:31]} Kd7 {[%clk
0:29:35]} 77. Qe6+ {[%clk 0:19:31]} Kc7 {[%clk 0:28:10]} 78. Qc6+ {[%clk
0:19:58]} Kd8 {[%clk 0:28:13]} 79. Qd6+ {[%clk 0:20:22]} Kc8 {[%clk 0:28:18]} 80.
Be6+ {[%clk 0:20:42]} 1-0

[Event "Greek Team Championship"]
[Site "chess24.com"]
[Date "2017.07.08"]
[Round "7"]
[White "Hadzimanolis, Antonios"]
[Black "Palaskos, Ahileas"]
[Result "1-0"]
[Board "1"]
[WhiteElo "2237"]
[WhiteTitle "FM"]
[WhiteCountry "GRE"]
[WhiteFideId "4202813"]
[WhiteEloChange "2"]
[BlackElo "1803"]
[BlackCountry "GRE"]
[BlackFideId "4218604"]
[BlackEloChange "-2"]

1. e4 {[%clk 1:26:58]} e5 {[%clk 1:30:36]} 2. Nf3 {[%clk 1:27:20]} Nf6 {[%clk
1:30:58]} 3. Nxe5 {[%clk 1:27:00]} d6 {[%clk 1:31:12]} 4. Nf3 {[%clk 1:27:23]}
Nxe4 {[%clk 1:31:33]} 5. Nc3 {[%clk 1:27:46]} Nxc3 {[%clk 1:31:41]} 6. dxc3
{[%clk 1:28:13]} Be7 {[%clk 1:31:34]} 7. Be3 {[%clk 1:27:55]} O-O {[%clk
1:31:30]} 8. Qd2 {[%clk 1:28:20]} Be6 {[%clk 1:31:34]} 9. O-O-O {[%clk 1:28:35]}
Nd7 {[%clk 1:31:08]} 10. Nd4 {[%clk 1:27:17]} Nc5 {[%clk 1:30:09]} 11. Kb1 {[%clk
1:22:21]} c6 {[%clk 1:27:31]} 12. Nxe6 {[%clk 1:12:35]} Nxe6 {[%clk 1:27:18]} 13.
f4 {[%clk 1:12:49]} b5 {[%clk 1:25:05]} 14. f5 {[%clk 1:08:34]} Nc5 {[%clk
1:23:16]} 15. g4 {[%clk 1:04:41]} Ne4 {[%clk 1:22:25]} 16. Qd3 {[%clk 1:04:46]}
d5 {[%clk 1:22:26]} 17. Bg2 {[%clk 1:05:10]} Nd6 {[%clk 1:20:47]} 18. h4 {[%clk
1:02:06]} a5 {[%clk 1:18:30]} 19. g5 {[%clk 1:00:47]} Re8 {[%clk 1:18:00]} 20.
Bd4 {[%clk 0:55:24]} Bf8 {[%clk 1:17:16]} 21. f6 {[%clk 0:55:35]} b4 {[%clk
1:17:01]} 22. h5 {[%clk 0:55:31]} g6 {[%clk 1:16:47]} 23. hxg6 {[%clk 0:54:47]}
fxg6 {[%clk 1:17:07]} 24. Rxh7 {[%clk 0:54:53]} Nf5 {[%clk 1:16:22]} 25. Qh3
{[%clk 0:50:33]} 1-0

[Event "Greek Team Championship"]
[Site "chess24.com"]
[Date "2017.07.08"]
[Round "7"]
[White "Nikolaou, Alexandros"]
[Black "Vragoteris, Antonios"]
[Result "0-1"]
[Board "2"]
[WhiteElo "1540"]
[WhiteCountry "GRE"]
[WhiteFideId "4261674"]
[WhiteEloChange "-2"]
[BlackElo "2212"]
[BlackTitle "FM"]
[BlackCountry "GRE"]
[BlackFideId "4200110"]
[BlackEloChange "2"]

1. d4 {[%clk 1:27:14]} c5 {[%clk 1:15:17]} 2. d5 {[%clk 1:24:55]} g6 {[%clk
1:11:37]} 3. Nf3 {[%clk 1:21:21]} Bg7 {[%clk 1:10:46]} 4. c3 {[%clk 1:19:41]} Nf6
{[%clk 1:08:01]} 5. Bf4 {[%clk 1:10:22]} Qb6 {[%clk 1:03:33]} 6. Qd2 {[%clk
1:03:52]} d6 {[%clk 0:41:53]} 7. Na3 {[%clk 0:48:39]} Nxd5 {[%clk 0:36:42]} 8.
Nc4 {[%clk 0:47:23]} Qc6 {[%clk 0:36:24]} 9. Bxd6 {[%clk 0:31:03]} exd6 {[%clk
0:36:04]} 10. e4 {[%clk 0:31:24]} Nxc3 {[%clk 0:23:08]} 11. Nxd6+ {[%clk
0:26:43]} Ke7 {[%clk 0:23:12]} 12. Nxc8+ {[%clk 0:18:48]} Rxc8 {[%clk 0:23:28]}
13. bxc3 {[%clk 0:19:11]} Qxe4+ {[%clk 0:19:04]} 14. Be2 {[%clk 0:19:24]} Nc6
{[%clk 0:09:19]} 15. O-O {[%clk 0:18:19]} Kf8 {[%clk 0:08:56]} 16. Rfe1 {[%clk
0:11:29]} Kg8 {[%clk 0:05:17]} 17. Bb5 {[%clk 0:07:02]} Qf5 {[%clk 0:04:59]} 18.
Rab1 {[%clk 0:06:16]} b6 {[%clk 0:04:13]} 19. Qd6 {[%clk 0:04:37]} Qf6 {[%clk
0:03:19]} 20. Red1 {[%clk 0:03:04]} Na5 {[%clk 0:03:03]} 21. Qxf6 {[%clk
0:01:24]} Bxf6 {[%clk 0:03:24]} 22. Rbc1 {[%clk 0:01:49]} Rd8 {[%clk 0:03:36]}
23. c4 {[%clk 0:01:04]} Kg7 {[%clk 0:03:45]} 24. h3 {[%clk 0:01:11]} Rxd1+ {[%clk
0:03:41]} 25. Rxd1 {[%clk 0:01:36]} a6 {[%clk 0:04:01]} 26. Ba4 {[%clk 0:01:08]}
Nxc4 {[%clk 0:04:18]} 27. Bc6 {[%clk 0:01:27]} Rd8 {[%clk 0:03:08]} 28. Rc1
{[%clk 0:01:15]} Rd6 {[%clk 0:01:55]} 29. Bb7 {[%clk 0:01:21]} b5 {[%clk
0:02:16]} 30. a4 {[%clk 0:01:38]} Na5 {[%clk 0:02:03]} 31. Be4 {[%clk 0:00:48]}
c4 {[%clk 0:02:10]} 32. axb5 {[%clk 0:01:11]} axb5 {[%clk 0:02:37]} 33. Rb1
{[%clk 0:01:17]} Rb6 {[%clk 0:02:02]} 34. Bd5 {[%clk 0:01:07]} b4 {[%clk
0:02:08]} 35. Nd2 {[%clk 0:01:06]} c3 {[%clk 0:01:22]} 36. Nb3 {[%clk 0:01:33]}
c2 {[%clk 0:01:04]} 37. Rc1 {[%clk 0:01:47]} Rd6 {[%clk 0:01:11]} 38. Nxa5 {[%clk
0:01:58]} Rxd5 {[%clk 0:01:31]} 0-1

[Event "Greek Team Championship"]
[Site "chess24.com"]
[Date "2017.07.08"]
[Round "7"]
[White "Gavriilidis, Georgios"]
[Black "Karamanis, Ioannis-Marios"]
[Result "1-0"]
[Board "3"]
[WhiteElo "2131"]
[WhiteCountry "GRE"]
[WhiteFideId "4206894"]
[WhiteEloChange "2"]
[BlackElo "1536"]
[BlackCountry "GRE"]
[BlackFideId "4289501"]
[BlackEloChange "-2"]

1. c4 {[%clk 1:28:55]} e5 {[%clk 1:28:58]} 2. g3 {[%clk 1:29:09]} Nf6 {[%clk
1:28:44]} 3. Bg2 {[%clk 1:29:31]} Be7 {[%clk 1:26:38]} 4. Nc3 {[%clk 1:28:03]}
O-O {[%clk 1:26:37]} 5. Rb1 {[%clk 1:27:57]} c6 {[%clk 1:25:52]} 6. d4 {[%clk
1:26:55]} d6 {[%clk 1:25:35]} 7. Nf3 {[%clk 1:27:02]} e4 {[%clk 1:25:32]} 8. Nd2
{[%clk 1:25:03]} e3 {[%clk 1:23:17]} 9. fxe3 {[%clk 1:25:22]} Ng4 {[%clk
1:23:30]} 10. Nf1 {[%clk 1:25:43]} Bg5 {[%clk 1:02:47]} 11. h3 {[%clk 1:25:48]}
f5 {[%clk 1:00:31]} 12. hxg4 {[%clk 1:25:16]} fxg4 {[%clk 1:00:54]} 13. Qd3
{[%clk 1:25:38]} h6 {[%clk 0:57:47]} 14. e4 {[%clk 1:25:37]} Qf6 {[%clk 0:56:27]}
15. Nd1 {[%clk 1:25:59]} Na6 {[%clk 0:55:38]} 16. Bxg5 {[%clk 1:26:16]} Qxg5
{[%clk 0:56:07]} 17. Qd2 {[%clk 1:26:25]} Qg6 {[%clk 0:55:44]} 18. Nfe3 {[%clk
1:26:10]} Nc7 {[%clk 0:55:01]} 19. Nf2 {[%clk 1:26:04]} 1-0

[Event "Greek Team Championship"]
[Site "chess24.com"]
[Date "2017.07.08"]
[Round "7"]
[White "Batsi, Eleni"]
[Black "Houhouli, Hristina"]
[Result "0-1"]
[Board "6"]
[WhiteElo "1019"]
[WhiteCountry "GRE"]
[WhiteFideId "25837532"]
[WhiteEloChange "-2"]
[BlackElo "1431"]
[BlackCountry "GRE"]
[BlackFideId "4247477"]
[BlackEloChange "2"]

1. d4 {[%clk 1:28:05]} Nf6 {[%clk 1:30:33]} 2. Nf3 {[%clk 1:28:13]} e6 {[%clk
1:30:54]} 3. Bg5 {[%clk 1:28:07]} h6 {[%clk 1:30:57]} 4. Bh4 {[%clk 1:28:28]} c5
{[%clk 1:31:15]} 5. e3 {[%clk 1:28:36]} Be7 {[%clk 1:31:29]} 6. Bd3 {[%clk
1:28:13]} d5 {[%clk 1:31:18]} 7. c3 {[%clk 1:28:03]} O-O {[%clk 1:31:25]} 8. O-O
{[%clk 1:28:25]} b6 {[%clk 1:31:01]} 9. Nbd2 {[%clk 1:28:13]} Bb7 {[%clk
1:31:16]} 10. Re1 {[%clk 1:27:31]} cxd4 {[%clk 1:30:33]} 11. exd4 {[%clk
1:27:46]} Nbd7 {[%clk 1:30:25]} 12. Ne5 {[%clk 1:24:14]} Nxe5 {[%clk 1:27:39]}
13. dxe5 {[%clk 1:24:37]} Nd7 {[%clk 1:26:02]} 14. Bxe7 {[%clk 1:24:56]} Qxe7
{[%clk 1:26:27]} 15. Qe2 {[%clk 1:09:31]} Nc5 {[%clk 1:24:39]} 16. Bc2 {[%clk
1:09:05]} Rfd8 {[%clk 1:22:45]} 17. b4 {[%clk 1:02:38]} Nd7 {[%clk 1:19:33]} 18.
Nb3 {[%clk 0:57:48]} Rac8 {[%clk 1:17:38]} 19. Qd2 {[%clk 0:55:11]} Nf8 {[%clk
1:16:41]} 20. f4 {[%clk 0:53:03]} Qh4 {[%clk 1:14:43]} 21. Nd4 {[%clk 0:48:42]}
Ba6 {[%clk 1:11:07]} 22. a4 {[%clk 0:39:16]} Rc7 {[%clk 1:10:26]} 23. a5 {[%clk
0:37:55]} Bc4 {[%clk 1:09:19]} 24. Bd3 {[%clk 0:35:49]} Bxd3 {[%clk 1:09:34]} 25.
Qxd3 {[%clk 0:36:05]} Qxf4 {[%clk 1:07:46]} 26. Nb5 {[%clk 0:35:33]} Rcd7 {[%clk
1:05:36]} 27. Nd6 {[%clk 0:34:41]} Ng6 {[%clk 1:05:56]} 28. Qd4 {[%clk 0:31:59]}
f6 {[%clk 1:02:55]} 29. Qxf4 {[%clk 0:30:08]} Nxf4 {[%clk 1:03:21]} 30. Nb5
{[%clk 0:30:12]} Nd3 {[%clk 1:03:32]} 31. Red1 {[%clk 0:29:51]} Nxe5 {[%clk
1:03:55]} 32. axb6 {[%clk 0:29:58]} axb6 {[%clk 1:04:16]} 33. Ra6 {[%clk
0:29:06]} Nc4 {[%clk 1:04:30]} 34. Nd4 {[%clk 0:28:31]} e5 {[%clk 1:03:56]} 35.
Nf5 {[%clk 0:28:04]} Rc8 {[%clk 1:03:06]} 36. Rc1 {[%clk 0:27:41]} d4 {[%clk
1:02:49]} 37. cxd4 {[%clk 0:27:08]} exd4 {[%clk 1:03:14]} 38. Rd1 {[%clk
0:27:09]} d3 {[%clk 1:03:25]} 39. Ra2 {[%clk 0:26:19]} d2 {[%clk 1:03:04]} 40.
Rc2 {[%clk 0:55:45]} g6 {[%clk 1:32:40]} 41. Nxh6+ {[%clk 0:55:40]} Kg7 {[%clk
1:32:48]} 42. Ng4 {[%clk 0:55:53]} Re8 {[%clk 1:32:32]} 0-1

[Event "Greek Team Championship"]
[Site "chess24.com"]
[Date "2017.07.08"]
[Round "7"]
[White "Nikolaidou, Maria"]
[Black "Tsaknakis, Zisis"]
[Result "0-1"]
[Board "8"]
[WhiteElo "1259"]
[WhiteCountry "GRE"]
[WhiteFideId "4240022"]
[WhiteEloChange "-2"]
[BlackElo "2187"]
[BlackCountry "GRE"]
[BlackFideId "4259963"]
[BlackEloChange "2"]

1. d4 {[%clk 1:28:19]} Nf6 {[%clk 1:30:12]} 2. Nf3 {[%clk 1:28:21]} g6 {[%clk
1:30:35]} 3. Bf4 {[%clk 1:27:45]} Bg7 {[%clk 1:30:57]} 4. Qc1 {[%clk 1:26:30]} c5
{[%clk 1:28:25]} 5. e3 {[%clk 1:22:17]} O-O {[%clk 1:28:15]} 6. Be2 {[%clk
1:20:32]} d6 {[%clk 1:28:02]} 7. c4 {[%clk 1:20:31]} Nc6 {[%clk 1:22:59]} 8. Nc3
{[%clk 1:16:32]} cxd4 {[%clk 1:22:20]} 9. exd4 {[%clk 1:15:28]} d5 {[%clk
1:22:31]} 10. Nb5 {[%clk 1:13:10]} Bg4 {[%clk 1:19:23]} 11. O-O {[%clk 0:53:34]}
dxc4 {[%clk 1:19:13]} 12. Qxc4 {[%clk 0:51:55]} Rc8 {[%clk 1:19:09]} 13. Rfd1
{[%clk 0:48:49]} Nd5 {[%clk 1:17:05]} 14. Bg3 {[%clk 0:39:31]} a6 {[%clk
1:13:31]} 15. Nc3 {[%clk 0:37:20]} Nxc3 {[%clk 1:13:15]} 16. bxc3 {[%clk
0:36:44]} Bxf3 {[%clk 1:10:50]} 17. Bxf3 {[%clk 0:32:27]} Nxd4 {[%clk 1:10:23]}
18. Qd5 {[%clk 0:28:04]} Qxd5 {[%clk 1:09:45]} 19. Bxd5 {[%clk 0:28:18]} Ne2+
{[%clk 1:09:44]} 20. Kf1 {[%clk 0:28:28]} Nxg3+ {[%clk 1:09:13]} 21. hxg3 {[%clk
0:28:31]} Rxc3 {[%clk 1:08:06]} 22. Bxb7 {[%clk 0:28:18]} Ra3 {[%clk 1:08:26]}
23. Rac1 {[%clk 0:27:09]} Rxa2 {[%clk 1:08:43]} 24. Rc7 {[%clk 0:27:02]} Bf6
{[%clk 1:09:02]} 25. Bd5 {[%clk 0:25:25]} Ra3 {[%clk 1:09:16]} 26. Ra7 {[%clk
0:25:04]} a5 {[%clk 1:08:21]} 27. Bc6 {[%clk 0:25:08]} Rc8 {[%clk 1:08:23]} 28.
Bb5 {[%clk 0:24:37]} Rc5 {[%clk 1:08:34]} 29. Rd8+ {[%clk 0:23:19]} Kg7 {[%clk
1:08:34]} 30. Bd7 {[%clk 0:21:40]} Rc1+ {[%clk 1:08:13]} 31. Ke2 {[%clk 0:22:00]}
Rc2+ {[%clk 1:08:33]} 32. Kd1 {[%clk 0:22:08]} Rxf2 {[%clk 1:08:44]} 0-1

[Event "Greek Team Championship"]
[Site "chess24.com"]
[Date "2017.07.08"]
[Round "7"]
[White "Betsakos, Konstantinos"]
[Black "Nikolaou, Theodoros"]
[Result "1-0"]
[Board "9"]
[WhiteElo "1844"]
[WhiteCountry "GRE"]
[WhiteFideId "4253337"]
[WhiteEloChange "2"]
[BlackElo "1143"]
[BlackCountry "GRE"]
[BlackFideId "25801139"]
[BlackEloChange "-2"]

1. c4 {[%clk 1:30:30]} e6 {[%clk 1:30:30]} 2. g3 {[%clk 1:30:23]} Nf6 {[%clk
1:29:06]} 3. Bg2 {[%clk 1:30:23]} Be7 {[%clk 1:29:06]} 4. d3 {[%clk 1:30:23]} O-O
{[%clk 1:29:06]} 5. Nf3 {[%clk 1:30:23]} d5 {[%clk 1:28:59]} 6. Bd2 {[%clk
1:30:24]} dxc4 {[%clk 1:28:13]} 7. dxc4 {[%clk 1:30:26]} Nc6 {[%clk 1:28:13]} 8.
O-O {[%clk 1:30:29]} b6 {[%clk 1:28:11]} 9. Ne5 {[%clk 1:30:28]} Bb7 {[%clk
1:25:23]} 10. Nxc6 {[%clk 1:30:40]} Bxc6 {[%clk 1:25:23]} 11. Bxc6 {[%clk
1:30:40]} Rb8 {[%clk 1:25:33]} 12. Bf4 {[%clk 1:30:47]} Qxd1 {[%clk 1:24:11]} 13.
Rxd1 {[%clk 1:30:47]} Bd8 {[%clk 1:23:29]} 14. Nc3 {[%clk 1:30:53]} Be7 {[%clk
1:19:15]} 15. b3 {[%clk 1:30:08]} Bd6 {[%clk 1:13:50]} 16. Bxd6 {[%clk 1:30:24]}
cxd6 {[%clk 1:13:50]} 17. Rxd6 {[%clk 1:30:24]} Rfd8 {[%clk 1:14:00]} 18. Rad1
{[%clk 1:30:24]} Rxd6 {[%clk 1:13:57]} 19. Rxd6 {[%clk 1:30:39]} h6 {[%clk
1:13:52]} 20. Kg2 {[%clk 1:30:39]} a5 {[%clk 1:11:00]} 21. e4 {[%clk 1:30:51]}
Ng4 {[%clk 1:11:13]} 22. f4 {[%clk 1:31:03]} Ne3+ {[%clk 1:10:38]} 23. Kf3 {[%clk
1:31:03]} Nc2 {[%clk 1:10:33]} 24. e5 {[%clk 1:31:13]} Nb4 {[%clk 1:10:46]} 25.
a3 {[%clk 1:31:29]} Nc2 {[%clk 1:10:53]} 26. Nb5 {[%clk 1:31:29]} Rc8 {[%clk
1:07:55]} 27. Na7 {[%clk 1:31:39]} Rc7 {[%clk 1:07:55]} 28. Be4 {[%clk 1:31:49]}
g6 {[%clk 1:07:36]} 29. Nb5 {[%clk 1:31:49]} Ne1+ {[%clk 1:07:32]} 30. Ke2 {[%clk
1:31:49]} Rc8 {[%clk 1:06:51]} 31. Kxe1 {[%clk 1:32:04]} a4 {[%clk 1:06:40]} 32.
Rc6 {[%clk 1:32:17]} Rd8 {[%clk 1:05:43]} 33. Nd6 {[%clk 1:32:27]} axb3 {[%clk
1:05:19]} 34. Rc8 {[%clk 1:32:39]} Rxc8 {[%clk 1:05:28]} 35. Nxc8 {[%clk
1:32:43]} b2 {[%clk 1:05:36]} 36. Kd2 {[%clk 1:32:43]} Kg7 {[%clk 1:05:41]} 37.
Kc2 {[%clk 1:32:43]} b1Q+ {[%clk 1:04:47]} 38. Kxb1 {[%clk 1:32:45]} 1-0

[Event "Greek Team Championship"]
[Site "chess24.com"]
[Date "2017.07.08"]
[Round "7"]
[White "Kokkalis, Vasilios"]
[Black "Tzamtzis, Konstantinos"]
[Result "1-0"]
[Board "1"]
[WhiteElo "2129"]
[WhiteCountry "GRE"]
[WhiteFideId "4205901"]
[WhiteEloChange "4"]
[BlackElo "1860"]
[BlackCountry "GRE"]
[BlackFideId "4210042"]
[BlackEloChange "-4"]

1. d4 {[%clk 1:30:54]} d5 {[%clk 1:30:29]} 2. Nf3 {[%clk 1:30:37]} Nf6 {[%clk
1:30:45]} 3. c4 {[%clk 1:31:03]} dxc4 {[%clk 1:30:44]} 4. e3 {[%clk 1:31:24]} Bg4
{[%clk 1:29:40]} 5. Bxc4 {[%clk 1:31:50]} e6 {[%clk 1:30:01]} 6. h3 {[%clk
1:32:14]} Bh5 {[%clk 1:30:13]} 7. Nc3 {[%clk 1:32:39]} Nc6 {[%clk 1:24:10]} 8.
Bb5 {[%clk 1:33:01]} Bb4 {[%clk 1:13:11]} 9. Qa4 {[%clk 1:26:23]} Bxf3 {[%clk
1:10:11]} 10. gxf3 {[%clk 1:23:52]} Qd5 {[%clk 1:04:18]} 11. Qxb4 {[%clk
1:18:11]} Qxf3 {[%clk 1:04:25]} 12. Rh2 {[%clk 1:17:11]} O-O-O {[%clk 1:02:43]}
13. Bxc6 {[%clk 1:16:13]} bxc6 {[%clk 0:59:55]} 14. Na4 {[%clk 1:09:50]} Nd5
{[%clk 0:57:19]} 15. Qc4 {[%clk 1:03:18]} Nb6 {[%clk 0:53:35]} 16. Qa6+ {[%clk
1:03:40]} Kd7 {[%clk 0:53:39]} 17. Nc5+ {[%clk 1:02:56]} Ke7 {[%clk 0:53:49]} 18.
Bd2 {[%clk 1:00:07]} h5 {[%clk 0:50:25]} 19. Bb4 {[%clk 0:55:31]} Nd5 {[%clk
0:49:22]} 20. Qxc6 {[%clk 0:49:54]} Kf6 {[%clk 0:47:40]} 21. Kd2 {[%clk 0:40:15]}
Rd6 {[%clk 0:46:48]} 22. Nd7+ {[%clk 0:34:52]} Rxd7 {[%clk 0:45:59]} 23. Qxd7
{[%clk 0:35:13]} Nxb4 {[%clk 0:45:06]} 24. Qxc7 {[%clk 0:35:17]} Qe4 {[%clk
0:28:55]} 25. Qe5+ {[%clk 0:29:25]} Qxe5 {[%clk 0:29:13]} 26. dxe5+ {[%clk
0:27:25]} Kxe5 {[%clk 0:28:59]} 27. Rc1 {[%clk 0:27:29]} Rd8+ {[%clk 0:25:46]}
28. Ke2 {[%clk 0:26:27]} Rd7 {[%clk 0:25:32]} 29. f4+ {[%clk 0:26:23]} Kf6 {[%clk
0:25:28]} 30. a3 {[%clk 0:26:27]} Nd5 {[%clk 0:23:39]} 31. Kf3 {[%clk 0:25:44]}
e5 {[%clk 0:23:37]} 32. fxe5+ {[%clk 0:24:45]} Kxe5 {[%clk 0:21:36]} 33. Rd2
{[%clk 0:23:22]} f5 {[%clk 0:20:18]} 34. h4 {[%clk 0:23:39]} Rf7 {[%clk 0:11:30]}
35. Rc5 {[%clk 0:22:49]} Rd7 {[%clk 0:11:51]} 36. b4 {[%clk 0:22:21]} Ke6 {[%clk
0:12:11]} 37. Rcxd5 {[%clk 0:15:24]} Rxd5 {[%clk 0:12:25]} 38. Rxd5 {[%clk
0:15:53]} Kxd5 {[%clk 0:12:40]} 39. Kf4 {[%clk 0:16:22]} Kc4 {[%clk 0:06:27]} 40.
Kxf5 {[%clk 0:46:16]} Kb3 {[%clk 0:36:47]} 41. e4 {[%clk 0:46:26]} Kxa3 {[%clk
0:37:07]} 42. e5 {[%clk 0:46:10]} 1-0

[Event "Greek Team Championship"]
[Site "chess24.com"]
[Date "2017.07.08"]
[Round "7"]
[White "Koronas, Vasilios"]
[Black "Deligiannis, Paraskevas"]
[Result "0-1"]
[Board "2"]
[WhiteElo "1777"]
[WhiteCountry "GRE"]
[WhiteFideId "4215397"]
[WhiteEloChange "-4"]
[BlackElo "2028"]
[BlackCountry "GRE"]
[BlackFideId "4240197"]
[BlackEloChange "4"]

1. g3 {[%clk 1:30:30]} c5 {[%clk 1:28:30]} 2. Bg2 {[%clk 1:30:30]} d5 {[%clk
1:28:30]} 3. d3 {[%clk 1:30:30]} Nc6 {[%clk 1:28:30]} 4. h3 {[%clk 1:27:42]} e5
{[%clk 1:27:37]} 5. Nc3 {[%clk 1:27:07]} Be6 {[%clk 1:27:48]} 6. e4 {[%clk
1:27:07]} Nge7 {[%clk 1:24:29]} 7. f4 {[%clk 1:19:24]} d4 {[%clk 1:21:57]} 8.
Nce2 {[%clk 1:19:42]} f6 {[%clk 1:21:42]} 9. Nf3 {[%clk 1:19:46]} Qd7 {[%clk
1:18:45]} 10. f5 {[%clk 1:16:54]} Bf7 {[%clk 1:18:40]} 11. g4 {[%clk 1:16:54]}
O-O-O {[%clk 1:17:32]} 12. g5 {[%clk 1:16:44]} c4 {[%clk 1:14:23]} 13. h4 {[%clk
1:15:03]} Kb8 {[%clk 1:09:13]} 14. h5 {[%clk 1:08:11]} cxd3 {[%clk 1:08:36]} 15.
cxd3 {[%clk 1:07:38]} h6 {[%clk 1:08:47]} 16. g6 {[%clk 1:02:52]} Be8 {[%clk
1:08:41]} 17. Nh2 {[%clk 1:01:00]} Rc8 {[%clk 1:05:53]} 18. Ng4 {[%clk 0:57:14]}
Nb4 {[%clk 1:05:29]} 19. O-O {[%clk 0:54:30]} Qb5 {[%clk 1:03:41]} 20. Rf3 {[%clk
0:53:58]} Rc7 {[%clk 1:02:32]} 21. a3 {[%clk 0:49:47]} Nc2 {[%clk 1:00:33]} 22.
Rb1 {[%clk 0:49:14]} Nxa3 {[%clk 1:00:52]} 23. Ra1 {[%clk 0:36:05]} Nc2 {[%clk
1:00:52]} 24. Rb1 {[%clk 0:35:48]} Nb4 {[%clk 0:59:55]} 25. Kh1 {[%clk 0:30:55]}
Nc8 {[%clk 0:59:11]} 26. Qb3 {[%clk 0:23:24]} Qa4 {[%clk 0:56:49]} 27. Qe6 {[%clk
0:15:40]} Re7 {[%clk 0:55:35]} 28. Qc4 {[%clk 0:15:05]} b5 {[%clk 0:48:21]} 29.
b3 {[%clk 0:13:10]} Qa5 {[%clk 0:48:39]} 30. Ra1 {[%clk 0:13:09]} bxc4 {[%clk
0:41:08]} 31. Rxa5 {[%clk 0:13:09]} cxb3 {[%clk 0:38:56]} 32. Bb2 {[%clk
0:05:13]} Nb6 {[%clk 0:38:05]} 33. Nxd4 {[%clk 0:04:02]} exd4 {[%clk 0:37:32]}
34. Bxd4 {[%clk 0:04:22]} Nc6 {[%clk 0:34:34]} 35. Bc3 {[%clk 0:04:11]} Nxa5
{[%clk 0:34:31]} 36. Bxa5 {[%clk 0:04:11]} b2 {[%clk 0:34:06]} 37. Rf1 {[%clk
0:04:27]} Rc7 {[%clk 0:34:05]} 38. Bd2 {[%clk 0:04:27]} Bb5 {[%clk 0:31:55]} 39.
Rb1 {[%clk 0:04:24]} Ba3 {[%clk 0:29:10]} 40. Nf2 {[%clk 0:02:46]} Rc1+ {[%clk
0:29:23]} 0-1